00271nam a2200121Ia 4500008004100000100001500041245002300056260002600079300000700105650001300112942000700125999001700132190216s9999||||xx |||||||||||||| ||und|| aRaghavan M 0aIniyumethra Katham bPoorna Pubs Kozhikode a80 aKathakal cBK c28386d28386